| 000 | 00609nam a2200205Ia 4500 | ||
|---|---|---|---|
| 003 | OSt | ||
| 005 | 20230505135757.0 | ||
| 008 | 210423s2006 xx 000 0 und d | ||
| 020 | _a8123913141 | ||
| 040 | _cAL | ||
| 041 | _aeng | ||
| 082 | _a660.284 NARC | ||
| 100 |
_aNARAYANAN (C M);BHATTACHARYA (B C). _998732 |
||
| 245 | _aUnit operations and unit processes: including computer programs. | ||
| 260 |
_aNew Delhi _bCambridge University Press _c2006 |
||
| 300 |
_axiv,907 _bPB |
||
| 365 |
_b350 _cINR |
||
| 906 | _acomputer ; including ; operations ; processes: ; programs. ; Unit | ||
| 942 |
_2ddc _cBK |
||
| 999 |
_c163361 _d163361 |
||